000 00538nam a22002057a 4500
003 OSt
005 20140310182931.0
008 130131t xxu||||| |||| 00| 0 eng d
020 _a9789715847087
050 _aQ 180.554
_b.C135 2008
082 _aFIL 507.1
_bC135 2008
245 _aScientific research manual
_cCaintic, Helen E.
260 _aManila
_bC & E Publishing
_cc2008
300 _a147 p.
_c26 cm.
521 _acollege students
526 _b1210L-1700L
541 _j1
562 _e1
942 _2lcc
_cBK
_kFIL
999 _c17543
_d17543